| 000 | 00531 a2200181 4500 | ||
|---|---|---|---|
| 001 | 066391 | ||
| 003 | OSt | ||
| 005 | 20210927150507.0 | ||
| 008 | |||
| 082 |
_a005.133 _bS31D |
||
| 100 | 1 | _aSalaria, R.S. | |
| 245 | 1 |
_aData structures and algorithms using C _cby R.S. Salaria |
|
| 250 | _a4th ed. | ||
| 260 |
_aNew Delhi _bKhanna Books |
||
| 300 | _a522p. | ||
| 690 | _aComputer algorithms; C (Computer program language); Data structures (Computer science); Computer science | ||
| 942 |
_2ddc _cBK |
||
| 999 |
_c449 _d449 |
||